Central Library OPAC University of Rajshahi

The constitutional history of modern Britain, since 1485. (Record no. 4804)

MARC details
000 -LEADER
fixed length control field 00838cam a22002651 4500
001 - CONTROL NUMBER
control field 4804
003 - CONTROL NUMBER IDENTIFIER
rucl marc code BD-RjUL
005 - DATE AND TIME OF LATEST TRANSACTION
control field 20211208233946.0
008 - FIXED-LENGTH DATA ELEMENTS--GENERAL INFORMATION
fixed length control field 131223r19611960xx 001 0 eng
035 ## - SYSTEM CONTROL NUMBER
System control number (BD-RjUL)4839
System control number (OCoLC)870073
040 ## - CATALOGING SOURCE
Original cataloging agency DLC
Transcribing agency OClU
Modifying agency Uk
-- DLC
-- BD-RjUL
Language of cataloging eng
041 ## - LANGUAGE CODE
Language code of text/sound track or separate title eng
082 ## - DEWEY DECIMAL CLASSIFICATION NUMBER
Classification number 342.4209
Author mark and year KEC 1961
100 1# - MAIN ENTRY--PERSONAL NAME
Personal name Keir, David Lindsay,
Dates associated with a name 1895-1973.
9 (RLIN) 15146
245 14 - TITLE STATEMENT
Title The constitutional history of modern Britain, since 1485.
Statement of responsibility, etc. by David Lindsay Keir.
250 ## - EDITION STATEMENT
Edition statement 6th ed.
260 ## - PUBLICATION, DISTRIBUTION, ETC. (IMPRINT)
Place of publication, distribution, etc. London,
Name of publisher, distributor, etc. A. and C. Black,
Date of publication, distribution, etc. c1960 [Reprint 1961].
300 ## - PHYSICAL DESCRIPTION
Pagination 579 p. ;
Size 24 cm.
504 ## - BIBLIOGRAPHY, ETC. NOTE
Bibliography, etc Includes Index.
650 #0 - SUBJECT ADDED ENTRY--TOPICAL TERM
Topical term or geographic name as entry element Constitutional history
Geographic subdivision Great Britain.
9 (RLIN) 15147
651 #0 - SUBJECT ADDED ENTRY--GEOGRAPHIC NAME
Geographic name Great Britain
General subdivision Politics and government
Chronological subdivision 1485-
9 (RLIN) 15148
942 ## - ADDED ENTRY ELEMENTS (KOHA)
Source of classification or shelving scheme Dewey Decimal Classification
Koha item type Books
Holdings
Lost status Source of classification or shelving scheme Damaged status Not for loan Collection code Permanent Location Current Location Shelving location Date acquired Source of acquisition Cost, normal purchase price Total Checkouts Full call number Date last seen Copy number Koha item type
  Dewey Decimal Classification     Non-fiction Central Library, University of Rajshahi Central Library, University of Rajshahi   07/02/1963 Zeitlinger 30.00   342.4209 KEC 1961 23/12/2013 C-5 Books
  Dewey Decimal Classification       Central Library, University of Rajshahi Central Library, University of Rajshahi   07/02/1963 Zeitlinger 30.00   342.4209 KEC 1961 24/12/2013 C-8 Books
  Dewey Decimal Classification     Non-fiction Central Library, University of Rajshahi Central Library, University of Rajshahi   07/02/1963 Zetlinger 30.00   342.4209 KEC 1961 27/07/2016 C-2 Books
  Dewey Decimal Classification     Non-fiction Central Library, University of Rajshahi Central Library, University of Rajshahi   07/02/1963 Zetlinger 30.00   342.4209 KEC 1961 27/07/2016 C-3 Books
  Dewey Decimal Classification     Non-fiction Central Library, University of Rajshahi Central Library, University of Rajshahi   07/02/1963 Zetlinger 30.00   342.4209 KEC 1961 27/07/2016 C-4 Books
  Dewey Decimal Classification     Non-fiction Central Library, University of Rajshahi Central Library, University of Rajshahi   01/04/1957 Oxford University Press 15.06   342.4209 KEC 1961 06/11/2016 C-6 Books